Vista normal
Vista MARC
Entrada Materia (personas)
Número de registros utilizados en: 1
001 - CONTROL NUMBER
- control field: 28579
003 - CONTROL NUMBER IDENTIFIER
- control field: Co-BoUCM
005 - DATE AND TIME OF LATEST TRANSACTION
- control field: 20130213131030.0
008 - FIXED-LENGTH DATA ELEMENTS
- fixed length control field: 130213|| aca||aabn | a|a d
040 ## - CATALOGING SOURCE
- Original cataloging agency: Co-BoUCM
- Transcribing agency: Co-BoUCM
100 ## - HEADING--PERSONAL NAME
- Personal name: Frèrejouan du Saint, G. (Georges),
- Dates associated with a name: b. 1850
670 ## - SOURCE DATA FOUND
- Source citation: Work cat.: (Co-BoUCM): Frèrejouan du Saint, G. (Georges), b. 1850, Traité théorique et pratique de la Cour d’Assises, 1896